Quels sont les pays les plus dangereux ? - Statistiques

Statistiques générales
  • Ce quiz a été pris 196 fois
  • Le résultat moyen est 6 sur 15
Statistiques - réponses
indice de criminalité Réponse % Correct
75.74% Afghanistan
63%
80.90% Venezuela
61%
68.61% Syrie
53%
78.65% Haiti
50%
74.84% Afrique du Sud
47%
72.68% Honduras
45%
65.86% Somalie
43%
67.30% Pérou
42%
66.23% Yémen
42%
67.53% Jamaique
40%
66.65% Nigéria
40%
66.27% Guyane
28%
80.08% Papouasie nouvelle guinée
25%
70.70% Trinité et Tobago
18%
66.14% Angola
17%
Aucun quiz correspondant
Distribution des résultats
% des personnes avec chaque résultat
Percentile par nombre de réponses
Votre historique - résultats
Vous n’avez pas pris ce quiz